000 00767nam a2200181Ia 4500
003 GCL
005 20240530105209.0
008 140319s9999 xx 000 0 ara d
040 _aGCL /
_cGCL
082 0 4 _a224.2/
_bك ت
100 1 _aالعكبرى، محب الدين ابو البقاء عبدالله بن الحسين بن عبدالله الضرير النحوى الحنبلى البغدادى
245 1 0 _aالتبيان فى اعراب القران:
_bيعرض لاهم وجوة القراءات ويعرب جمبع آيات القران /
_cابى البقاء عبدالله بن الحسين العكبرى
260 _a[S.N] :
_bمكتبة الدعوة
300 _a300 ص
650 0 4 _aالنحو
650 0 4 _aالقران
942 _2ddc
_cBK
999 _c53851
_d53851